| 000 | 00572nam a2200217Ia 4500 | ||
|---|---|---|---|
| 008 | 140626s9999 xx 000 0 und d | ||
| 100 | _aBautista, Joseph. | ||
| 245 |
_aManila, Philippines : _b skyway marathon, running for the mangroves / _cJoseph Bautista. |
||
| 260 | _cc2012. | ||
| 300 | _a13 : 10, page 46 | ||
| 440 | _aCruising | ||
| 521 | _aTOU | ||
| 650 | _aCondura skyway marathon. | ||
| 650 | _aFun. | ||
| 650 | _aHealth. | ||
| 650 | _aMangroves. | ||
| 650 | _aMarathon fee. | ||
| 650 | _aRunning for a cause. | ||
| 650 | _aRunning. | ||
| 942 | _cSE | ||
| 999 |
_c121156 _d121156 |
||